Tile Select (Conan Gray) - Statistics

General Stats
  • This quiz has been taken 168 times
  • The average score is 20 of 24
Answer Stats
Question Tile Select % Correct
Which song/album/EP Came First? No
96%
Which song/album/EP Came First? No
95%
Which song/album/EP Came First? No
95%
Which song/album/EP Came First? No
95%
Which is from Conan Gray's music video "Memories"? No
95%
Which is from Conan Gray's music video "Memories"? No
95%
Which is the iconic outfit Conan wore to the MET Gala in 2023? No
94%
Which is the iconic outfit Conan wore to the MET Gala in 2023? No
94%
Which is the iconic outfit Conan wore to the MET Gala in 2023? No
92%
Which is from Conan Gray's music video "Memories"? No
92%
What is the Conan Gray fandom called? Yes
91%
What is the Conan Gray fandom called? No
91%
Which is the iconic outfit Conan wore to the MET Gala in 2023? No
90%
What is the Conan Gray fandom called? yes queen No
89%
Which is from Conan Gray's music video "Memories"? No
87%
Which is from Conan Gray's music video "Memories"? No
84%
Which is from Conan Gray's music video "Memories"? Yes
80%
Who do we need to see collab with Conan? Yes
79%
Which is the iconic outfit Conan wore to the MET Gala in 2023? No
70%
Which is the iconic outfit Conan wore to the MET Gala in 2023? Yes
70%
Which song/album/EP Came First? Yes
56%
Which song/album/EP Came First? No
55%
Who do we need to see collab with Conan? Yes
53%
Who do we need to see collab with Conan? Yes
48%
No matching quizzes found
Score Distribution
Percent of People with Each Score
Percentile by Number Answered
Your Score History
You have not taken this quiz